| 000 | 00897 a2200301 4500 | ||
|---|---|---|---|
| 001 | 200002720 | ||
| 999 |
_c200002720 _d29358 |
||
| 003 | TR-AnTOB | ||
| 005 | 20230906154502.0 | ||
| 008 | 101217s2005 tu b 000 0 d | ||
| 020 | _a9754510539 | ||
| 040 |
_aUIU _cUIU _dTRTET |
||
| 041 | _atur | ||
| 049 | _aMAIN | ||
| 050 |
_aPL121 _b.E69 2006 |
||
| 090 | _aPL121 .E69 2006 | ||
| 100 | 1 |
_aErgin, Muharrem _920836 |
|
| 245 | 0 |
_aOsmanlıca dersleri / _cMuharrem Ergin. |
|
| 250 | _a33. baskı | ||
| 264 | 1 |
_aİstanbul : _bBoğaziçi, _c2006. |
|
| 300 |
_avii,124, 236, 16 p. ; _c24 cm. |
||
| 490 | 0 |
_aİstanbul Üniversitesi Edebiyat Fakültesi Yayınları ; _v785. |
|
| 650 | 0 |
_aTürk dili _xDil bilgisi _96944 |
|
| 650 | 7 |
_aTurkish language _xStudy and teaching _2etuesh _918028 |
|
| 650 | 7 |
_aTürk dili _xÇalışma ve öğretim _2etuturkob _97700 |
|
| 650 |
_aTurkish language _xGrammar _99770 |
||
| 942 | _cBK | ||